| 000 | 01005nam a22002657a 4500 | ||
|---|---|---|---|
| 005 | 20231211153254.0 | ||
| 008 | 231211b ||||| |||| 00| 0 eng d | ||
| 020 | _a9788121928137 | ||
| 040 | _cAL | ||
| 041 | _aEnglish | ||
| 082 |
_223 _a536 _bBRIH |
||
| 100 |
_aBrijlal and others _9144891 |
||
| 245 | _aHeat Thermodynamics and Statistical Physics | ||
| 250 | _aRev ed | ||
| 260 |
_aNew Delhi _bS Chand and Company Limited _c2022 |
||
| 300 |
_a665 p. _bPB _c24x17 cm. |
||
| 365 |
_a6564 _b₹600.00 _c₹ _d₹750.00 _e20% _f04-12-2023 |
||
| 520 | _aFor B.Sc. students as per UGC Model curriculum Section-I: Kinetic Theory Of Matter Section-II: Thermodynamics Section-III: Statistical Physics Section-IV: Heat Flow And Air Conditioning Appendix-I: Physical Constants Appendix-II: Nobel Laureates Index | ||
| 650 |
_aPhysics _9144892 |
||
| 650 |
_aHeat _9144893 |
||
| 700 |
_aBRIJLAL _9144894 |
||
| 700 |
_aSUBRAHMANYAM (N) _9144895 |
||
| 700 |
_aHEMNE (P S) _9144896 |
||
| 942 |
_2ddc _cBK |
||
| 999 |
_c229454 _d229454 |
||